01028 a2200181 45000010006000000050017000060080041000230030015000640400040000790800079001192450028001982640029002263000019002555050524002740410008007981000020008067000020008265333320260407155807.0260407a1968 arg spa dAR-UNSa-BCEJYS aAR-UNSa-BCEJYSbspacAR-UNSa-BCEJYS a551.46xOceanografía física. Topografía submarina. Fondo oceánico 10aEl cultivo del océano 1aBarcelona :bLaborc1968 a201 p.c19 cm. aPrimera Parte: EL MUNDO MARINO: 1. El medio marino – 2. Los seres vivientes - - Segunda Parte: AGRESIONES CONTRA EL MUNDO MARINO: 1. Contaminaciones destructoras – 2. La explotación oceánica – 3. Aportación directa o indirecta a la dietética humana – 4. Capturar sin despoblar - - Tercera Parte: CULTIVO Y CRÍA MARINOS: 1. Ensayos técnicos de laboratorio – 2. Ensayos de enriquecimiento del medio marino – 3. La piscifactura marina – 4. La preparación de las lagunas para la cría marina.  aspa1 aAubert, Maurice1 aRibera, Antonio